| 000 -LEADER |
| fixed length control field |
01847cam a22003978i 4500 |
| 001 - CONTROL NUMBER |
| control field |
20344696 |
| 003 - CONTROL NUMBER IDENTIFIER |
| control field |
NUST |
| 005 - DATE AND TIME OF LATEST TRANSACTION |
| control field |
20200922155329.0 |
| 008 - FIXED-LENGTH DATA ELEMENTS--GENERAL INFORMATION |
| fixed length control field |
180129s2018 nju b 001 0 eng c |
| 010 ## - LIBRARY OF CONGRESS CONTROL NUMBER |
| LC control number |
2018001053 |
| 020 ## - INTERNATIONAL STANDARD BOOK NUMBER |
| International Standard Book Number |
9781119078647 (cloth) |
| 038 ## - RECORD CONTENT LICENSOR |
| Staff Name |
MSOHAIL |
| 040 ## - CATALOGING SOURCE |
| Original cataloging agency |
WaSeSS/DLC |
| Language of cataloging |
eng |
| Description conventions |
rda |
| Transcribing agency |
WaSeSS |
| 042 ## - AUTHENTICATION CODE |
| Authentication code |
pcc |
| 050 00 - LIBRARY OF CONGRESS CALL NUMBER |
| Classification number |
TD353 |
| Item number |
.L57 2018 |
| 082 00 - DEWEY DECIMAL CLASSIFICATION NUMBER |
| Classification number |
628.10285 |
| Edition number |
23 |
| Author Mark |
OWE |
| 100 1# - MAIN ENTRY--PERSONAL NAME |
| Personal name |
Lloyd Owen, David A., |
| Dates associated with a name |
1959- |
| Relator term |
author. |
| 9 (RLIN) |
30549 |
| 245 10 - TITLE STATEMENT |
| Title |
Smart water technologies and techniques : |
| Remainder of title |
data capture and analysis for sustainable water management / |
| Statement of responsibility, etc. |
by Dr. David A. Lloyd Owen. |
| 250 ## - EDITION STATEMENT |
| Edition statement |
First edition. |
| 263 ## - PROJECTED PUBLICATION DATE |
| Projected publication date |
1805 |
| 264 #1 - PRODUCTION, PUBLICATION, DISTRIBUTION, MANUFACTURE, AND COPYRIGHT NOTICE |
| Place of production, publication, distribution, manufacture |
Hoboken, NJ : |
| Name of producer, publisher, distributor, manufacturer |
John Wiley & Sons, |
| Date of production, publication, distribution, manufacture, or copyright notice |
2018. |
| 300 ## - PHYSICAL DESCRIPTION |
| Extent |
pages cm |
| 336 ## - CONTENT TYPE |
| Content type term |
text |
| Source |
rdacontent |
| 337 ## - MEDIA TYPE |
| Media type term |
unmediated |
| Source |
rdamedia |
| 338 ## - CARRIER TYPE |
| Carrier type term |
volume |
| Source |
rdacarrier |
| 504 ## - BIBLIOGRAPHY, ETC. NOTE |
| Bibliography, etc. note |
Includes bibliographical references and index. |
| 505 0# - FORMATTED CONTENTS NOTE |
| Formatted contents note |
What do we mean by "smart water"? -- Why do we need smart water? -- The technologies and techniques driving smart water -- Domestic water and demand management -- Optimising how we manage water and wastewater -- Appropriate technology and development -- The other 70% : agriculture, horticulture and recreation -- Policies and practicalities for enabling smart water -- Obstacles to adoption -- Towards smart water management. |
| 650 #0 - SUBJECT ADDED ENTRY--TOPICAL TERM |
| Topical term or geographic name entry element |
Water-supply |
| General subdivision |
Technological innovations. |
| 9 (RLIN) |
30550 |
| 650 #0 - SUBJECT ADDED ENTRY--TOPICAL TERM |
| Topical term or geographic name entry element |
Water reuse. |
| 9 (RLIN) |
1016 |
| 650 #0 - SUBJECT ADDED ENTRY--TOPICAL TERM |
| Topical term or geographic name entry element |
Water conservation. |
| 9 (RLIN) |
5903 |
| 650 #0 - SUBJECT ADDED ENTRY--TOPICAL TERM |
| Topical term or geographic name entry element |
Sustainable development. |
| 9 (RLIN) |
30551 |
| 776 08 - ADDITIONAL PHYSICAL FORM ENTRY |
| Relationship information |
Online version: |
| Main entry heading |
Lloyd Owen, David A., 1959- author. |
| Title |
Smart water technologies and techniques |
| Edition |
First edition. |
| Place, publisher, and date of publication |
Hoboken, NJ : John Wiley & Sons, 2018 |
| International Standard Book Number |
9781119078654 |
| Record control number |
(DLC) 2018006053 |
| 906 ## - LOCAL DATA ELEMENT F, LDF (RLIN) |
| a |
7 |
| b |
cbc |
| c |
orignew |
| d |
1 |
| e |
ecip |
| f |
20 |
| g |
y-gencatlg |
| 942 ## - ADDED ENTRY ELEMENTS (KOHA) |
| Source of classification or shelving scheme |
|
| Koha item type |
Book |